00421nam a2200145Ia 4500008004100000041000900041082001800050100001800068245002500086260003600111300000800147650000800155999001700163952009500180230718s9999 xx 000 0 und d aEng. a346550bKHA-L aKhan, Mushtaq 0aLana Acquistim Laws aPakistanbPunjab Law Bookc2016 a342 aLaw c30732d30732 00104070aSIRC-LbSIRC-Ld2023-07-18l0o346550 KHA-Lp25683r2023-07-18w2023-07-18yBK